000 00563nam a2200205Ia 4500
003 IIN
005 20240118123541.0
008 231217s9999 xx 000 0 und d
020 _cRs.1595.00
_a9789390595211
040 _aIIN
_bEnglish
082 _a362.10425
_bKAD
100 1 _aKadri, A.M.
245 1 _aIAPSM'S Textbook of Community Medicine
250 _a2nd ed
_bEdited by- A.M. Kadri
260 _bJaypee
_aNew Delhi
_c2021
300 _axxx,4-1006p.
_e ; 3 plate,
650 1 _aCommunity Health Nursing
650 1 _aCommunity Medicine
942 _cBOOK
999 _c1326
_d1326